| Tag |
First Indicator |
Second Indicator |
Subfields |
| LEADER |
00000nam a2200000 4500 |
| 001 |
in00004284513 |
| 005 |
20200813081755.0 |
| 006 |
m g d |
| 007 |
cr bn |||a|bb| |
| 008 |
940627s1641 enk o o00| | eng d |
| 035 |
|
|
|a (UnM)99868575
|
| 037 |
|
|
|a CL0051000009
|b ProQuest Information and Learning. 300 N. Zeeb Rd., Ann Arbor, MI 48106
|
| 040 |
|
|
|a Cu-RivES
|c Cu-RivES
|d CStRLIN
|e dcrb
|d WaOLN
|
| 110 |
1 |
|
|a England and Wales.
|b Parliament.
|
| 245 |
1 |
0 |
|a Die Martis 5 Octobris. 1641. It is this day ordered by the Committees of both houses of Parliament appointed to sit during the recesse, that good and strong watches shall be set in all the high wayes within twenty miles of London, ...
|
| 246 |
2 |
|
|a It is this day ordered by the Committees of both houses of Parliament appointed to sit during the recesse, that good and strong watches shall be set in all the high wayes within twenty miles of London.
|
| 260 |
|
|
|a Imprinted at London :
|b by Robert Barker, printer to the Kings most Excellent Majestie: and by the assignes of John Bill,
|c 1641.
|
| 300 |
|
|
|a 1 online resource (1 sheet ([1] pages)
|
| 336 |
|
|
|a text
|b txt
|2 rdacontent
|
| 337 |
|
|
|a computer
|b c
|2 rdamedia
|
| 338 |
|
|
|a online resource
|b cr
|2 rdacarrier
|
| 500 |
|
|
|a Title from caption and opening words of text.
|
| 500 |
|
|
|a Reproduction of the original in the British Library.
|
| 510 |
4 |
|
|a Wing (2nd edition, 1994)
|c E1604
|
| 510 |
4 |
|
|a Thomason
|c 669.f.3[19]
|
| 510 |
4 |
|
|a Steele
|c I, 1894
|
| 533 |
|
|
|a Electronic reproduction.
|b Ann Arbor, Mich. :
|c UMI,
|d 1999-
|f (Early English books online)
|n Digital version of: (Thomason Tracts ; 245:669f3[19])
|7 s1999 miun s
|
| 650 |
|
0 |
|a Watchmen
|z Great Britain
|v Early works to 1800.
|
| 830 |
|
0 |
|a Early English books online.
|
| 856 |
4 |
0 |
|u http://proxy.library.tamu.edu/login?url=https://search.proquest.com/docview/2240928786
|z Connect to the full text of this electronic book
|t 0
|
| 999 |
f |
f |
|s 5f0d5493-144f-3779-b784-615ae9832a43
|i 91d6cb89-99a0-37ae-b046-ab14d268e919
|t 0
|
| 952 |
f |
f |
|a Texas A&M University
|b College Station
|c Electronic Resources
|d Available Online
|t 0
|h No information provided
|
| 998 |
f |
f |
|t 0
|l Available Online
|